| 000 | 00640nam a22001577a 4500 | ||
|---|---|---|---|
| 003 | OSt | ||
| 005 | 20150908165253.0 | ||
| 008 | 150908b xxu||||| |||| 00| 0 eng d | ||
| 040 | _cRUA | ||
| 082 | _aRUA ព្រុំ 1993 BOO8 Or.1 | ||
| 100 |
_9175 _aព្រុំ តុលា |
||
| 245 | _aសេចក្តីត្រូវការអប់រំកសិករ ក្នុងការអនុវត្តន៍វិធីការពារ និងកំចាត់សត្វល្អិតអោយមានប្រសិទ្អភាព | ||
| 260 |
_aPP. _bRUA _c1993 |
||
| 300 |
_a80P. _bILL. _c29CM. |
||
| 942 |
_2ddc _cAGR |
||
| 999 |
_c156 _d156 |
||